| 000 | 00492 a2200193 4500 | ||
|---|---|---|---|
| 260 | _aParis | ||
| 260 | _bLa Maison Rustique. | ||
| 245 | _aDictionnaire d'agriculture et des sciences annexes:index anglais et espagnol. | ||
| 300 | _aX-219p. | ||
| 650 | _aDICTIONNAIRE | ||
| 650 | _aAGRICULTURE | ||
| 260 | _c1977 | ||
| 130 | _lFr. | ||
| 710 | _aAgence de Coopération Culturelle et Technique. | ||
| 690 | _aAGRICULTURE. | ||
| 020 | _a2-85319-031-5 | ||
| 999 |
_c24435 _d24435 |
||